000 01075nam a2200241 a 4500
999 _c11518
_d11518
001 11518
003 BD-JhCC
005 20191031102137.0
008 181026b20012013bg |||| ||a| 000 0 ben d
035 _a(BD-JhCC)11518
040 _aBD-JhCC
_dBD-JhCC
041 _aben
082 _a297
_bJAM 2013
100 _aজামিল, মাওলানা তারিক
245 _aকবরের আযাব ও বেহেশতের শান্তি /
_cমাওলানা তারিক জামিল, ইমাম গাযযালী অনু: মাওলানা মুহাম্মদ মাহাদী হাসান সিরাজী ।
260 _aঢাকা:
_bসোলেমানিয়া বুক হাউজ;
_c২০১৩.
300 _a৪০০ পৃ. :
_c২১ সেমি.
650 _aIslam
700 _aগাযযালী, ইমাম
700 _a সিরাজী, মাওলানা মুহাম্মদ মাহাদী হাসান
942 _2ddc
_cBK